000 00506nam a2200217Ia 4500
003 OSt
005 20221005125423.0
006 a|||||r|||| 00| 0
007 ta
008 221004b |||||||| |||| 00| 0 snd d
024 _a7110
037 _cTextual
040 _aCRL
_cCRL
_bsnd
041 _2snd
_asnd
082 _aQ4:417, 1593J4
100 _aMotwani
245 0 _aPavitra pal
260 _c1954
942 _hQ4:417, 1593J4
_cTEXL
_2cc
999 _c1053968
_d1053968